[Event "Polgar Challenge 2021"]
[Site "Online"]
[Date "2021.04.04"]
[Round "10.6"]
[White "Badelka, Olga"]
[Black "Bjerre, Jonas Buhl"]
[Result "0-1"]
[WhiteElo "2433"]
[BlackElo "2550"]
[Annotator "ChessBase"]
[PlyCount "116"]
[EventDate "2021.04.08"]
[EventType "tourn"]
[EventCountry "NET"]
[SourceTitle "playchess.com"]
[Source "ChessBase"]
[SourceQuality "1"]
[TimeControl "600+5"]

1. d4 {[%emt 0:00:00]} Nf6 {[%emt 0:00:00]} 2. c4 {[%emt 0:00:00]} e6 {[%emt 0:00:00]} 3. Nc3 {[%emt 0:00:00]} Bb4 {[%emt 0:00:00]} 4. e3 {[%emt 0:00:00]} O-O {[%emt 0:00:03]} 5. Nge2 {[%emt 0:00:03]} Re8 {[%emt 0:00:13]} 6. a3 {[%emt 0:00:03]} Bf8 {[%emt 0:00:01]} 7. d5 {[%emt 0:00:01]} a5 {[%emt 0:00:09]} 8. Ng3 {[%emt 0:00:06]} Na6 {[%emt 0:00:11]} 9. Be2 {[%emt 0:00:05]} Nc5 {[%emt 0:00:05]} 10. e4 {[%emt 0:00:13]} exd5 {[%emt 0:00:23]} 11. exd5 {[%emt 0:00:03]} a4 {[%emt 0:00:15]} 12. Be3 {[%emt 0:01:31]} d6 {[%emt 0:01:17]} 13. O-O {[%emt 0:00:29]} Bd7 {[%emt 0:00:07]} 14. Qc2 {[%emt 0:00:27]} g6 {[%emt 0:01:15]} 15. Rae1 {[%emt 0:00:05]} Bg7 {[%emt 0:00:04]} 16. Bd1 {[%emt 0:01:29]} h5 {[%emt 0:01:21]} 17. Bg5 {[%emt 0:00:06]} Rxe1 {[%emt 0:00:17]} 18. Rxe1 {[%emt 0:00:01]} Qf8 {[%emt 0:00:01]} 19. h3 {[%emt 0:01:37]} Re8 {[%emt 0:00:44]} 20. Re2 {[%emt 0:00:10]} Nh7 {[%emt 0:00:18]} 21. Be3 {[%emt 0:00:05]} h4 {[%emt 0:00:19]} 22. Bxc5 {[%emt 0:00:42]} dxc5 {[%emt 0:00:23]} 23. Nge4 {[%emt 0:00:39]} Bd4 {[%emt 0:00:58]} 24. Qd3 {[%emt 0:00:39]} Qh6 {[%emt 0:01:07]} 25. Nd2 {[%emt 0:00:41]} Qf4 {[%emt 0:00:24]} 26. Rxe8+ {[%emt 0:00:07]} Bxe8 {[%emt 0:00:02]} 27. Nf3 {[%emt 0:00:27]} Bf6 {[%emt 0:00:35]} 28. Bxa4 {[%emt 0:00:22]} Bxc3 {[%emt 0:00:14]} 29. Bxe8 {[%emt 0:00:07]} Bxb2 {[%emt 0:00:08]} 30. Qe2 {[%emt 0:00:46]} Bf6 {[%emt 0:00:29]} 31. a4 {[%emt 0:00:21]} Nf8 {[%emt 0:00:23]} 32. Bb5 {[%emt 0:00:16]} b6 {[%emt 0:00:09]} 33. Bc6 {[%emt 0:00:03]} Kg7 {[%emt 0:00:07]} 34. Bb5 {[%emt 0:00:03]} Bd4 {[%emt 0:00:05]} 35. Bc6 {[%emt 0:00:19]} Nh7 {[%emt 0:00:01]} 36. Nxd4 {[%emt 0:00:18]} cxd4 {[%emt 0:00:10]} 37. c5 {[%emt 0:00:14]} Qc1+ {[%emt 0:00:05]} 38. Kh2 {[%emt 0:00:01]} Qxc5 {[%emt 0:00:02]} 39. Qe5+ {[%emt 0:00:02]} Nf6 {[%emt 0:00:06]} 40. Qxc7 {[%emt 0:00:15]} d3 {[%emt 0:00:14]} 41. d6 {[%emt 0:00:02]} Qe5+ {[%emt 0:00:09]} 42. Kg1 {[%emt 0:00:03]} d2 {[%emt 0:00:21]} 43. Bf3 {[%emt 0:00:01]} Qe1+ {[%emt 0:00:06]} 44. Kh2 {[%emt 0:00:01]} d1=Q {[%emt 0:00:04]} 45. Bxd1 {[%emt 0:00:02]} Qxd1 {[%emt 0:00:02]} 46. Qxb6 {[%emt 0:00:06]} Ne4 {[%emt 0:00:03]} 47. Qb2+ {[%emt 0:00:22]} Kh7 {[%emt 0:00:06]} 48. a5 {[%emt 0:00:19]} Qxd6+ {[%emt 0:00:05]} 49. Kg1 {[%emt 0:00:01]} Qd1+ {[%emt 0:00:04]} 50. Kh2 {[%emt 0:00:01]} Nd2 {[%emt 0:00:12]} 51. g4 {[%emt 0:00:09]} hxg3+ {[%emt 0:00:07]} 52. Kxg3 {[%emt 0:00:02]} Qf3+ {[%emt 0:00:02]} 53. Kh2 {[%emt 0:00:06]} Qxf2+ {[%emt 0:00:02]} 54. Kh1 {[%emt 0:00:01]} Qf1+ {[%emt 0:00:03]} 55. Kh2 {[%emt 0:00:01]} Qe2+ {[%emt 0:00:09]} 56. Kh1 {[%emt 0:00:03]} Qe4+ {[%emt 0:00:02]} 57. Kh2 {[%emt 0:00:06]} Nc4 {[%emt 0:00:11]} 58. Qc3 {[%emt 0:00:24]} Qe5+ {[%emt 0:00:04]} 0-1

[Event "Polgar Challenge 2021"]
[Site "Online"]
[Date "2021.04.04"]
[Round "10.7"]
[White "Lei, Tingjie"]
[Black "Shuvalova, Polina"]
[Result "1/2-1/2"]
[WhiteElo "2505"]
[BlackElo "2476"]
[Annotator "ChessBase"]
[PlyCount "104"]
[EventDate "2021.04.08"]
[EventType "tourn"]
[EventCountry "NET"]
[SourceTitle "playchess.com"]
[Source "ChessBase"]
[SourceQuality "1"]
[TimeControl "600+5"]

1. e4 {[%emt 0:00:00]} e5 {[%emt 0:00:00]} 2. Nf3 {[%emt 0:00:02]} Nc6 {[%emt 0:00:00]} 3. Bc4 {[%emt 0:00:01]} Bc5 {[%emt 0:00:00]} 4. c3 {[%emt 0:00:03]} Nf6 {[%emt 0:00:02]} 5. d3 {[%emt 0:00:01]} d6 {[%emt 0:00:01]} 6. O-O {[%emt 0:00:05]} O-O {[%emt 0:00:05]} 7. Bd2 {[%emt 0:00:08]} a6 {[%emt 0:00:21]} 8. Bb3 {[%emt 0:00:50]} Re8 {[%emt 0:00:09]} 9. h3 {[%emt 0:00:06]} h6 {[%emt 0:00:02]} 10. Re1 {[%emt 0:00:02]} Be6 {[%emt 0:00:07]} 11. Bxe6 {[%emt 0:00:20]} Rxe6 {[%emt 0:00:07]} 12. Nh4 {[%emt 0:01:11]} d5 {[%emt 0:00:44]} 13. Nf5 {[%emt 0:00:43]} Ne7 {[%emt 0:00:35]} 14. Nxe7+ {[%emt 0:00:43]} Qxe7 {[%emt 0:00:11]} 15. Be3 {[%emt 0:02:16]} Rd8 {[%emt 0:00:14]} 16. Bxc5 {[%emt 0:00:24]} Qxc5 {[%emt 0:00:02]} 17. Nd2 {[%emt 0:00:04]} dxe4 {[%emt 0:01:57]} 18. dxe4 {[%emt 0:02:11]} Red6 {[%emt 0:01:30]} 19. Nb3 {[%emt 0:00:02]} Qc4 {[%emt 0:00:37]} 20. Qc2 {[%emt 0:00:48]} b6 {[%emt 0:00:32]} 21. Re2 {[%emt 0:00:15]} Qa4 {[%emt 0:00:16]} 22. Rae1 {[%emt 0:00:17]} c5 {[%emt 0:00:15]} 23. c4 {[%emt 0:00:22]} Nh7 {[%emt 0:00:26]} 24. Nc1 {[%emt 0:00:39]} Qxc2 {[%emt 0:00:17]} 25. Rxc2 {[%emt 0:00:02]} Ng5 {[%emt 0:00:04]} 26. f3 {[%emt 0:00:15]} Ne6 {[%emt 0:00:30]} 27. Ne2 {[%emt 0:00:03]} Rd1 {[%emt 0:01:12]} 28. Rxd1 {[%emt 0:00:08]} Rxd1+ {[%emt 0:00:02]} 29. Kf2 {[%emt 0:00:01]} g5 {[%emt 0:00:32]} 30. Nc3 {[%emt 0:00:08]} Ra1 {[%emt 0:00:08]} 31. a3 {[%emt 0:00:12]} Nd4 {[%emt 0:00:16]} 32. Rd2 {[%emt 0:00:02]} Rc1 {[%emt 0:00:02]} 33. Na4 {[%emt 0:00:11]} b5 {[%emt 0:00:13]} 34. Nxc5 {[%emt 0:00:01]} Rxc4 {[%emt 0:00:38]} 35. Nd7 {[%emt 0:00:01]} Nc6 {[%emt 0:00:07]} 36. Nf6+ {[%emt 0:00:04]} Kg7 {[%emt 0:00:02]} 37. Ng4 {[%emt 0:00:01]} h5 {[%emt 0:00:19]} 38. Ne3 {[%emt 0:00:03]} Rc1 {[%emt 0:00:09]} 39. Nf5+ {[%emt 0:00:01]} Kf8 {[%emt 0:00:22]} 40. Rd7 {[%emt 0:00:03]} Ke8 {[%emt 0:00:05]} 41. Rc7 {[%emt 0:00:07]} Rc2+ {[%emt 0:00:02]} 42. Kf1 {[%emt 0:00:17]} f6 {[%emt 0:00:03]} 43. Ne3 {[%emt 0:00:09]} Rc1+ {[%emt 0:00:04]} 44. Kf2 {[%emt 0:00:02]} Kd8 {[%emt 0:00:00]} 45. Rf7 {[%emt 0:00:02]} Rb1 {[%emt 0:00:06]} 46. Rxf6 {[%emt 0:00:05]} Rxb2+ {[%emt 0:00:03]} 47. Kf1 {[%emt 0:00:13]} Kd7 {[%emt 0:00:04]} 48. Nd5 {[%emt 0:00:09]} a5 {[%emt 0:00:09]} 49. Nb6+ {[%emt 0:00:01]} Kc7 {[%emt 0:00:01]} 50. Nd5+ {[%emt 0:00:01]} Kd7 {[%emt 0:00:01]} 51. Nb6+ {[%emt 0:00:02]} Kc7 {[%emt 0:00:01]} 52. Nd5+ {[%emt 0:00:01]} Kd7 {[%emt 0:00:13]} 1/2-1/2

[Event "Polgar Challenge 2021"]
[Site "Online"]
[Date "2021.04.04"]
[Round "10.8"]
[White "Yip, Carissa"]
[Black "Yoo, Christopher Woojin"]
[Result "0-1"]
[WhiteElo "2430"]
[BlackElo "2455"]
[Annotator "ChessBase"]
[PlyCount "78"]
[EventDate "2021.04.08"]
[EventType "tourn"]
[EventCountry "NET"]
[SourceTitle "playchess.com"]
[Source "ChessBase"]
[SourceQuality "1"]
[TimeControl "600+5"]

1. e4 {[%emt 0:00:00]} c5 {[%emt 0:00:00]} 2. Nf3 {[%emt 0:00:00]} e6 {[%emt 0:00:00]} 3. d4 {[%emt 0:00:00]} cxd4 {[%emt 0:00:00]} 4. Nxd4 {[%emt 0:00:00]} Nf6 {[%emt 0:00:00]} 5. Nc3 {[%emt 0:00:02]} Nc6 {[%emt 0:00:00]} 6. Nxc6 {[%emt 0:00:11]} bxc6 {[%emt 0:00:03]} 7. e5 {[%emt 0:00:03]} Nd5 {[%emt 0:00:02]} 8. Ne4 {[%emt 0:00:09]} Qc7 {[%emt 0:00:02]} 9. f4 {[%emt 0:00:02]} Rb8 {[%emt 0:00:02]} 10. Bd3 {[%emt 0:00:35]} Qb6 {[%emt 0:00:26]} 11. c4 {[%emt 0:00:38]} Bb4+ {[%emt 0:02:00]} 12. Ke2 {[%emt 0:00:02]} f5 {[%emt 0:00:03]} 13. exf6 {[%emt 0:01:52]} Nxf6 {[%emt 0:00:03]} 14. Be3 {[%emt 0:00:17]} Qa5 {[%emt 0:01:12]} 15. Nxf6+ {[%emt 0:01:11]} gxf6 {[%emt 0:00:02]} 16. a3 {[%emt 0:00:09]} Be7 {[%emt 0:01:20]} 17. b4 {[%emt 0:00:26]} Qc7 {[%emt 0:00:02]} 18. Kf2 {[%emt 0:00:08]} O-O {[%emt 0:01:56]} 19. Qg4+ {[%emt 0:02:35]} Kh8 {[%emt 0:00:03]} 20. Qh5 {[%emt 0:00:02]} f5 {[%emt 0:00:04]} 21. g4 {[%emt 0:01:01]} d5 {[%emt 0:02:01]} 22. gxf5 {[%emt 0:00:40]} exf5 {[%emt 0:00:06]} 23. Qh6 {[%emt 0:00:13]} Qd8 {[%emt 0:00:32]} 24. Rhg1 {[%emt 0:00:34]} Bf6 {[%emt 0:00:11]} 25. Rad1 {[%emt 0:00:03]} d4 {[%emt 0:00:38]} 26. Bc1 {[%emt 0:00:19]} Be6 {[%emt 0:00:08]} 27. Rg5 {[%emt 0:00:25]} Qd7 {[%emt 0:00:43]} 28. Re1 {[%emt 0:00:22]} Rbe8 {[%emt 0:00:13]} 29. Bd2 {[%emt 0:00:07]} Bxg5 {[%emt 0:00:11]} 30. fxg5 {[%emt 0:00:01]} Bf7 {[%emt 0:00:15]} 31. Bf4 {[%emt 0:00:12]} Bg6 {[%emt 0:00:05]} 32. h4 {[%emt 0:00:08]} Qf7 {[%emt 0:00:04]} 33. Be5+ {[%emt 0:00:06]} Kg8 {[%emt 0:00:02]} 34. Bf6 {[%emt 0:00:10]} Rxe1 {[%emt 0:00:05]} 35. Kxe1 {[%emt 0:00:01]} Re8+ {[%emt 0:00:06]} 36. Kd2 {[%emt 0:00:01]} f4 {[%emt 0:00:05]} 37. Bf1 {[%emt 0:00:14]} f3 {[%emt 0:00:05]} 38. Kd1 {[%emt 0:00:05]} f2 {[%emt 0:00:03]} 39. c5 {[%emt 0:00:06]} Qb3+ {[%emt 0:00:02]} 0-1

[Event "Polgar Challenge 2021"]
[Site "Online"]
[Date "2021.04.04"]
[Round "10.9"]
[White "Praggnanandhaa R"]
[Black "Liang, Awonder"]
[Result "1/2-1/2"]
[WhiteElo "2608"]
[BlackElo "2592"]
[Annotator "TA"]
[PlyCount "100"]
[EventDate "2021.04.08"]
[EventType "tourn"]
[EventCountry "NET"]
[SourceTitle "playchess.com"]
[Source "ChessBase"]
[SourceQuality "1"]

{[%evp 9,100,33,31,16,28,35,27,23,67,72,87,75,96,61,51,56,38,-5,0,-35,-35,-21,-20,-31,0,0,0,0,0,-11,22,0,22,-64,0,0,-17,-87,-94,-102,-96,-146,-81,-161,-170,-316,-279,-497,-514,-508,-509,-445,-505,-491,-501,-484,-454,-502,-537,-718,-685,-719,-695,-629,-450,-499,-473,-570,-551,-582,-571,-582,-582,-629,-108,-108,-95,-102,-108,-103,-72,-80,-80,-80,-80,-80,-80,-80,0,-80,-80,-89,0]} 1. d4 Nf6 2. Bf4 c5 3. e3 g6 4. c3 Bg7 5. dxc5 O-O 6. Nf3 {A45: Trompowsky Attack.} a5 {[#]} 7. Bb5 $146 ({Predecessor:} 7. Nbd2 Na6 8. Bxa6 Rxa6 9. Be5 b6 10. cxb6 d6 11. Bxf6 Bxf6 12. O-O Rxb6 13. Qc2 {½-½ (56) Tunik,G (2388)-Menac Comas,J (2012) Sabadell 2017}) 7... Na6 8. Qd4 {White has an edge.} Nh5 9. Be5 f6 10. Bg3 e5 11. Qc4+ Kh8 12. Nbd2 b6 13. cxb6 d5 14. Qe2 (14. b7 $5 Bxb7 15. Qe2 $11) 14... Qxb6 15. a4 Nc7 16. c4 dxc4 17. Bxc4 Qxb2 18. O-O Qb4 19. Rfc1 Qe7 20. Rab1 Bd7 21. Bb5 (21. Bh4 $11) 21... Bf5 (21... Nxb5 $15 22. axb5 Nxg3 23. hxg3 Rfc8) 22. e4 Be6 23. Qe3 (23. Bc6 $11 Ra7 24. Qe3) 23... Nxb5 $17 24. Rxb5 Rfb8 25. Rbc5 Rd8 ({Black should play} 25... Qf8 26. Rc7 Bh6) 26. Qc3 (26. h3 $17 {was necessary.}) 26... Rdc8 $19 27. h3 (27. Rxc8+ $142 Rxc8 28. Qb2) 27... Bf8 28. Rc7 {[#]} (28. Rxc8 Rxc8 29. Qa1) 28... Rxc7 29. Qxc7 Rc8 30. Qxc8 Bxc8 31. Rxc8 Kg8 32. Bh2 Qd7 33. Ra8 Qxa4 34. g4 Nf4 35. Bxf4 exf4 36. Kg2 Kf7 37. e5 Be7 38. Ra7 Qb4 39. exf6 Kxf6 40. Ra6+ Kg7 41. Re6 a4 $2 (41... Qb7 $19 {has better winning chances.} 42. Nc4 a4) 42. Re4 $17 Qa3 43. Nb1 Qd6 44. Rxa4 h5 {White must now prevent ...hxg4.} 45. gxh5 gxh5 {[#] aiming for ...Qg6+.} 46. Nbd2 Qg6+ 47. Kf1 Qf5 48. Kg2 Qg6+ 49. Kf1 $1 Qd3+ 50. Kg2 Qg6+ {Weighted Error Value: White=0.30/Black=0.31} ({Better is} 50... Qd6 $17 51. Rc4 Qg6+ 52. Kh2 Qd3) 1/2-1/2

[Event "Polgar Challenge 2021"]
[Site "Online"]
[Date "2021.04.04"]
[Round "11.2"]
[White "Liang, Awonder"]
[Black "Salimova, Nurgyul"]
[Result "1-0"]
[WhiteElo "2592"]
[BlackElo "2397"]
[Annotator "ChessBase"]
[PlyCount "67"]
[EventDate "2021.04.08"]
[EventType "tourn"]
[EventCountry "NET"]
[SourceTitle "playchess.com"]
[Source "ChessBase"]
[SourceQuality "1"]
[TimeControl "600+5"]

1. e4 {[%emt 0:00:00]} e5 {[%emt 0:00:00]} 2. Nf3 {[%emt 0:00:08]} Nc6 {[%emt 0:00:00]} 3. Bc4 {[%emt 0:00:05]} Nf6 {[%emt 0:00:06]} 4. d3 {[%emt 0:00:02]} Be7 {[%emt 0:00:05]} 5. O-O {[%emt 0:00:09]} O-O {[%emt 0:00:08]} 6. a4 {[%emt 0:00:05]} d6 {[%emt 0:00:07]} 7. h3 {[%emt 0:00:02]} h6 {[%emt 0:00:23]} 8. Re1 {[%emt 0:00:12]} Kh8 {[%emt 0:01:06]} 9. c3 {[%emt 0:00:16]} Nh7 {[%emt 0:01:26]} 10. d4 {[%emt 0:02:13]} f5 {[%emt 0:00:33]} 11. Bd5 {[%emt 0:01:27]} exd4 {[%emt 0:02:04]} 12. cxd4 {[%emt 0:00:08]} Nb4 {[%emt 0:00:44]} 13. Nc3 {[%emt 0:00:17]} c6 {[%emt 0:00:16]} 14. Bb3 {[%emt 0:00:03]} fxe4 {[%emt 0:00:05]} 15. Nxe4 {[%emt 0:00:01]} d5 {[%emt 0:00:18]} 16. Ne5 {[%emt 0:00:29]} Kg8 {[%emt 0:01:55]} 17. Bd2 {[%emt 0:00:58]} a5 {[%emt 0:00:18]} 18. Ng3 {[%emt 0:00:17]} Qd6 {[%emt 0:00:19]} 19. Qh5 {[%emt 0:00:22]} Bd7 {[%emt 0:00:34]} 20. Ng6 {[%emt 0:01:28]} Rf7 {[%emt 0:00:12]} 21. Ne4 {[%emt 0:01:43]} Qc7 {[%emt 0:00:12]} 22. Bf4 {[%emt 0:00:01]} Qd8 {[%emt 0:00:12]} 23. Bd6 {[%emt 0:00:15]} Bf6 {[%emt 0:00:26]} 24. Bxb4 {[%emt 0:00:08]} axb4 {[%emt 0:00:02]} 25. Nd6 {[%emt 0:00:01]} Bg4 {[%emt 0:00:23]} 26. Bxd5 {[%emt 0:00:08]} cxd5 {[%emt 0:00:06]} 27. Qxd5 {[%emt 0:00:01]} Ng5 {[%emt 0:00:06]} 28. hxg4 {[%emt 0:00:20]} Kh7 {[%emt 0:00:01]} 29. Qf5 {[%emt 0:00:04]} Kg8 {[%emt 0:00:09]} 30. Nxf7 {[%emt 0:00:10]} Nxf7 {[%emt 0:00:05]} 31. Re6 {[%emt 0:00:05]} Qxd4 {[%emt 0:00:02]} 32. Rae1 {[%emt 0:00:02]} Qd7 {[%emt 0:00:05]} 33. Re7 {[%emt 0:00:08]} Qc6 {[%emt 0:00:12]} 34. Rxf7 {[%emt 0:00:03]} 1-0

[Event "Polgar Challenge 2021"]
[Site "Online"]
[Date "2021.04.04"]
[Round "11.3"]
[White "Yoo, Christopher Woojin"]
[Black "Praggnanandhaa R"]
[Result "0-1"]
[WhiteElo "2455"]
[BlackElo "2608"]
[Annotator "TA"]
[PlyCount "146"]
[EventDate "2021.04.08"]
[EventType "tourn"]
[EventCountry "NET"]
[SourceTitle "playchess.com"]
[Source "ChessBase"]
[SourceQuality "1"]

{[%evp 9,146,22,60,43,58,49,50,40,41,35,28,19,55,20,65,58,70,68,66,61,63,74,110,63,64,54,58,-76,-81,-175,-169,-169,-164,-252,-265,-298,-289,-347,-331,-320,-195,-328,-170,-308,-312,-514,-510,-536,-544,-536,-538,-516,-505,-577,-568,-565,-562,-527,-386,-363,-363,-366,-350,-596,-436,-797,-543,-679,-673,-657,-678,-680,-545,-693,-701,-688,-684,-646,-568,-819,-765,-641,-1020,-1007,-986,-1100,-1097,-1049,-984,-1133,-1133,-1126,-1126,-1115,-1100,-1071,-1020,-1056,-1035,-959,-906,-959,-880,-857,-841,-832,-801,-823,-768,-29973,-29974,-29974,-29975,-29975,-29976,-29973,-3093,-2212,-1554,-743,-609,-29981,-29978,-29978,-29977,-29980,-29981,-29981,-29982,-29989,-29990,-29991,-29989,-29990,-29991,-29994,-29994,-29994,-29991]} 1. e4 c5 2. Nf3 Nc6 3. d4 cxd4 4. Nxd4 Nf6 5. Nc3 h5 6. Bg5 {B33: Sicilian: Pelikan and Sveshnikov Variations.} Qa5 7. Bxf6 gxf6 {[#]} 8. Be2 $146 {White is slightly better.} ({Predecessor:} 8. Nb3 Qg5 9. Qd3 e6 10. h4 Qe5 11. Be2 a6 12. O-O-O b5 13. g3 Qc7 14. f4 {½-½ (36) Villalba,M (2258)-Aravindh,C (2641) chess.com INT 2020}) 8... e6 9. Ndb5 Be7 10. a3 (10. Bxh5 $2 a6 $19) 10... a6 {[#]} 11. b4 $1 Qb6 {[#]} (11... Qd8 12. Nd6+) 12. Na4 $1 Qd8 13. Nd6+ Bxd6 14. Qxd6 b5 15. Nc5 Qe7 16. Qc7 Qd8 17. Qg3 d6 18. Qg7 Ke7 $1 $17 {White is on the road to losing.} 19. e5 Nxe5 $19 ({But not} 19... dxc5 $2 20. exf6+ Kd6 21. O-O-O+ (21. Qg3+ e5 $18) 21... Nd4 22. Bf3 $18) 20. Ne4 Nd7 $1 21. Nxd6 (21. Qg3 $142 Qb6 22. Rd1) 21... Kxd6 22. Qxf7 Bb7 23. c4 bxc4 ({Weaker is} 23... Bxg2 24. Rg1 $15) 24. Bxc4 Bd5 ({Inferior is} 24... Bxg2 25. O-O-O+ Kc7 26. Bxe6 $11) 25. Rd1 (25. Bxd5 $142 exd5 26. O-O-O) 25... Qe7 (25... Qg8 $142 26. Qxg8 Rhxg8 27. Bxd5 exd5) 26. Qg6 (26. Qxe7+ $142 Kxe7 27. Bxd5 exd5 28. Rxd5) 26... Ne5 27. Qg3 (27. Qe4 Nxc4 28. Qxc4) 27... Rhg8 28. Qb3 Nxc4 29. Qxc4 Qc7 30. Qf4+ Kd7 31. Rxd5+ exd5 32. Qf5+ Ke7 {Strongly threatening ...Qc1+.} 33. O-O {Threatens to win with Re1+.} Rg7 34. Qxd5 {And now Re1+ would win.} Re8 35. Qxh5 {aiming for Re1+.} Qe5 36. Qh6 $2 (36. Qf3 {is a better defense.}) 36... Kf7 37. h3 (37. Qd2 $142) 37... Qd5 {[%csl Gg7][%cal Rd5g2]} 38. g3 Qg5 39. Qxg5 Rxg5 40. Rd1 Rge5 {Hoping for ...Re1+.} 41. Rd3 a5 42. Kg2 axb4 43. axb4 Rb5 44. Rd4 Reb8 45. h4 Rxb4 46. Rd6 Rb2 47. Rd7+ Kg6 48. Rd4 Rc8 49. Rf4 f5 50. Rd4 Rcc2 51. Rf4 Re2 52. Rf3 Rb4 53. Kf1 Re6 54. Kg2 Ree4 55. Kh3 Kf6 56. Rd3 Ke5 57. Rf3 Re1 58. Kg2 f4 59. g4 Ke4 60. Ra3 f3+ 61. Kh2 Kf4 62. Ra8 Kxg4 (62... Rb2 $142 63. Rf8+ Kxg4 64. Rg8+ Kxh4 65. Rh8+ Kg4 66. Rg8+ Kh5 67. Rh8+ Kg4 68. Rg8+ Kh4 69. Rh8+ Kg5 70. Kg3 Rb3 71. Rg8+ Kf5 72. Rf8+ Kg6 73. Rg8+ Kf6 74. Rf8+ Kg5 75. Rg8+ Kh6 76. Rh8+ Kg7 77. Rc8 Rg1+ 78. Kf4 Rg2 79. Rc2 Kg6 80. Rd2 Kh5 81. Ke5 Re3+ $3 {[%mdl 512]} 82. Kf4 Ra3 83. Kf5 Rg4 84. Ke6 Ra5 85. Kd6 Re4 86. Rd3 Kg4 87. Rd2 Re2 88. Rd4+ Kh5 89. Rf4 Rxf2 90. Ke6 Kg5 91. Rf7 Re2+ 92. Kd6 f2 93. Kc6 Rf5 94. Rg7+ Kf6 95. Rg8 f1=Q 96. Rf8+ Kg7 97. Kd7 Kxf8 98. Kc7 Rb2 99. Kd6 Qc4 100. Kd7 Rd2#) 63. Rg8+ Kh5 64. Rh8+ {[#]} Kg6 $1 {[%cal Rg6g7] ( -> ...Kg7)} 65. Rg8+ Kh7 {Black mates.} 66. Rg5 Rxh4+ 67. Kg3 Rh6 68. Rf5 Kg7 69. Ra5 Rf6 70. Ra7+ Kg6 71. Ra8 Rg1+ 72. Kh4 Kh7 {[%cal Rf6h6]} 73. Ra7+ Rg7 {[%cal Rf6h6] Weighted Error Value: White=0.56/Black=0.19} 0-1

[Event "Polgar Challenge 2021"]
[Site "Online"]
[Date "2021.04.04"]
[Round "11.4"]
[White "Shuvalova, Polina"]
[Black "Yip, Carissa"]
[Result "1-0"]
[WhiteElo "2476"]
[BlackElo "2430"]
[Annotator "ChessBase"]
[PlyCount "89"]
[EventDate "2021.04.08"]
[EventType "tourn"]
[EventCountry "NET"]
[SourceTitle "playchess.com"]
[Source "ChessBase"]
[SourceQuality "1"]
[TimeControl "600+5"]

1. d4 {[%emt 0:00:00]} g6 {[%emt 0:00:00]} 2. e4 {[%emt 0:00:39]} Bg7 {[%emt 0:00:00]} 3. Nc3 {[%emt 0:00:01]} d6 {[%emt 0:00:02]} 4. Be3 {[%emt 0:00:15]} c6 {[%emt 0:00:09]} 5. Nf3 {[%emt 0:00:32]} Nd7 {[%emt 0:00:06]} 6. a4 {[%emt 0:00:10]} Qa5 {[%emt 0:00:25]} 7. Qd2 {[%emt 0:00:06]} Ngf6 {[%emt 0:00:42]} 8. h3 {[%emt 0:00:04]} O-O {[%emt 0:00:19]} 9. Bd3 {[%emt 0:00:15]} e5 {[%emt 0:00:19]} 10. O-O {[%emt 0:00:10]} Re8 {[%emt 0:00:12]} 11. Rfe1 {[%emt 0:00:34]} Nf8 {[%emt 0:00:31]} 12. Rab1 {[%emt 0:00:41]} Qc7 {[%emt 0:00:09]} 13. b4 {[%emt 0:00:37]} Ne6 {[%emt 0:00:19]} 14. dxe5 {[%emt 0:00:11]} dxe5 {[%emt 0:00:01]} 15. Ne2 {[%emt 0:00:03]} Bd7 {[%emt 0:00:28]} 16. c3 {[%emt 0:00:36]} Rad8 {[%emt 0:00:14]} 17. Qc2 {[%emt 0:00:13]} c5 {[%emt 0:00:35]} 18. Ng3 {[%emt 0:00:36]} b6 {[%emt 0:01:15]} 19. Red1 {[%emt 0:01:37]} Bc6 {[%emt 0:00:37]} 20. b5 {[%emt 0:00:13]} Ba8 {[%emt 0:00:05]} 21. Bc4 {[%emt 0:00:14]} Nf4 {[%emt 0:01:02]} 22. Ng5 {[%emt 0:00:17]} Rxd1+ {[%emt 0:00:41]} 23. Rxd1 {[%emt 0:00:00]} Rf8 {[%emt 0:00:01]} 24. Qa2 {[%emt 0:00:24]} Bb7 {[%emt 0:00:25]} 25. a5 {[%emt 0:00:37]} h6 {[%emt 0:00:37]} 26. Nxf7 {[%emt 0:00:16]} Rxf7 {[%emt 0:00:01]} 27. a6 {[%emt 0:00:36]} Bxe4 {[%emt 0:00:09]} 28. Bxf7+ {[%emt 0:00:44]} Qxf7 {[%emt 0:00:01]} 29. Rd8+ {[%emt 0:00:02]} Bf8 {[%emt 0:00:02]} 30. Qxf7+ {[%emt 0:00:01]} Kxf7 {[%emt 0:00:01]} 31. Nxe4 {[%emt 0:00:07]} Nxe4 {[%emt 0:00:02]} 32. Bxf4 {[%emt 0:00:15]} exf4 {[%emt 0:00:02]} 33. Rd7+ {[%emt 0:00:01]} Ke6 {[%emt 0:01:26]} 34. Rxa7 {[%emt 0:00:00]} Nd6 {[%emt 0:00:01]} 35. Ra8 {[%emt 0:00:53]} Nxb5 {[%emt 0:00:48]} 36. Rxf8 {[%emt 0:00:05]} Kd5 {[%emt 0:00:16]} 37. Rxf4 {[%emt 0:00:26]} Kc6 {[%emt 0:00:16]} 38. Rf6+ {[%emt 0:00:23]} Kc7 {[%emt 0:00:02]} 39. c4 {[%emt 0:00:04]} Nd4 {[%emt 0:00:13]} 40. Rxg6 {[%emt 0:00:07]} b5 {[%emt 0:00:03]} 41. cxb5 {[%emt 0:00:05]} Nxb5 {[%emt 0:00:02]} 42. Rxh6 {[%emt 0:00:01]} c4 {[%emt 0:00:02]} 43. Rh4 {[%emt 0:00:03]} c3 {[%emt 0:00:01]} 44. Rc4+ {[%emt 0:00:06]} Kb6 {[%emt 0:00:06]} 45. h4 {[%emt 0:00:01]} 1-0